<?xml version="1.0" encoding="UTF-8"?>
<marc:record xmlns:marc="http://www.loc.gov/MARC21/slim">
   <marc:leader>00000nam a2200000 a 4500</marc:leader>
   <marc:datafield ind1="1" ind2=" " tag="100">
      <marc:subfield code="a">Kohfink Heiko</marc:subfield>
      <marc:subfield code="4">aut</marc:subfield>
      <marc:subfield code="e">Verfasser/-in</marc:subfield>
   </marc:datafield>
   <marc:datafield ind1="0" ind2="0" tag="245">
      <marc:subfield code="a">Kehrwochenkiller</marc:subfield>
   </marc:datafield>
   <marc:datafield ind1="0" ind2="0" tag="245">
      <marc:subfield code="c">Kohfink Heiko</marc:subfield>
   </marc:datafield>
   <marc:datafield ind1=" " ind2="1" tag="264">
      <marc:subfield code="b">Bookmundo</marc:subfield>
      <marc:subfield code="c">2025</marc:subfield>
   </marc:datafield>
   <marc:datafield ind1="1" ind2=" " tag="490">
      <marc:subfield code="a">Schwaben Cops</marc:subfield>
      <marc:subfield code="v">3</marc:subfield>
   </marc:datafield>
   <marc:datafield ind1="1" ind2=" " tag="520">
      <marc:subfield code="a">Im beschaulichen Killer, einem Sechshundert-Seelen-Dorf, wird Juliane Heldlein tot in ihrem Wohnhaus aufgefunden. Einmal mehr rückt das bewährte Ermittlerteam aus Kleingrubenstetten zum Tatort aus.&#xD;
Gefragt ist schwäbischer Scharfsinn, denn es gilt herauszufinden, wie Juliane während ihrer Kehrwoche auf der frischgeputzten Kellertreppe so unglücklich stürzen konnte, dass sie jetzt nur noch die Klinken der Himmelspforte polieren kann.&#xD;
Nachdem Hauptkommissar Böcker ihnen erneut die Ermittlungen überlässt, stehen für Inga, Lukas und Martin zwei Fragen im Raum: Können sie auch diesen verzwickten Mordfall lösen? Und wann gibt es endlich wieder anständigen Kaffee im Polizeiposten Kleingrubenstetten?</marc:subfield>
   </marc:datafield>
   <marc:datafield ind1=" " ind2=" " tag="020">
      <marc:subfield code="a">9789403782096</marc:subfield>
      <marc:subfield code="9">9789403782096</marc:subfield>
   </marc:datafield>
   <marc:datafield ind1="0" ind2=" " tag="490">
      <marc:subfield code="v">3</marc:subfield>
   </marc:datafield>
   <marc:datafield ind1=" " ind2=" " tag="338">
      <marc:subfield code="a">Band</marc:subfield>
   </marc:datafield>
   <marc:datafield ind1=" " ind2=" " tag="300">
      <marc:subfield code="a">310 S.</marc:subfield>
   </marc:datafield>
</marc:record>
